| 000 | 00633 a2200181 4500 | ||
|---|---|---|---|
| 999 |
_c183180 _d183180 |
||
| 005 | 20211220110734.0 | ||
| 010 | _aENG-130410 | ||
| 020 |
_a978-93-901370-56-5 _c695.00 |
||
| 035 | _aEN-113942 | ||
| 037 | _bDBAD/PUB | ||
| 082 |
_a658.3 _b1 |
||
| 100 | _aVenkatesh, D.N. | ||
| 245 |
_aWinning With Employees: _cD. N. Venkatesh _bLeveraging Employee Experience for A competitive Edge/ |
||
| 260 |
_aNew Delhi _bSage Publications India Pvt. Ltd _c2021 |
||
| 270 |
_aB-I/I-I Mohan Cooperative, Industrial Area, Mathura Road, _bNew Delhi _e110040 |
||
| 300 |
_a418p. _c22cm (pbk) |
||
| 942 |
_adpl _cEN _2ddc _h658.3 _mVEN |
||